000 00740nam a22002297a 4500
005 20250424113250.0
008 250424b |||||||| |||| 00| 0 eng d
020 _a978-1-3504-3074-7 (pbk)
037 _cTB
040 _aCRL
_cCRL
041 _2eng
_aeng
084 _aV41y7N53 R4
_qCRL
100 _aBrown, Kerry
_9752862
245 _aCEO, China:
_bThe rise of XI Jinping
260 _aLondon, UK:
_bBloomsbury Academic,
_c2024.
300 _axxv, 262p.
365 _b13.99
_cUKP
650 _aJinping, XI
_9752863
650 _aPresidents- China
_9752864
942 _2CC
_cTB
_hV41y7N53 R4
_n0
999 _c1309339
_d1309339